Wastewater Engineering : (Record no. 59)

000 -LEADER
fixed length control field 00522 a2200157 4500
003 - CONTROL NUMBER IDENTIFIER
control field NUST
005 - DATE AND TIME OF LATEST TRANSACTION
control field 20180125094333.0
008 - FIXED-LENGTH DATA ELEMENTS--GENERAL INFORMATION
fixed length control field 171222b xxu||||| |||| 00| 0 eng d
020 ## - INTERNATIONAL STANDARD BOOK NUMBER
International Standard Book Number 007124140x(alk. paper)
035 ## - SYSTEM CONTROL NUMBER
System control number 2001053724
040 ## - CATALOGING SOURCE
Transcribing agency 0
082 ## - DEWEY DECIMAL CLASSIFICATION NUMBER
Classification number 628.3 EDD
100 ## - MAIN ENTRY--PERSONAL NAME
Personal name Eddy,Metcalf
9 (RLIN) 7110
245 ## - TITLE STATEMENT
Title Wastewater Engineering :
Remainder of title treatment and reuse /
Statement of responsibility, etc. Metcalf & Eddy, Inc.
250 ## - EDITION STATEMENT
Edition statement 4th ed. /
Remainder of edition statement revised by George Tchobanoglous, Franklin L. Burton, H. David Stensel.
260 ## - PUBLICATION, DISTRIBUTION, ETC.
Place of publication, distribution, etc. Boston :
Name of publisher, distributor, etc. McGraw-Hill,
Date of publication, distribution, etc. 2004.
300 ## - PHYSICAL DESCRIPTION
Extent xxviii, 1819 p. :
Other physical details ill. ;
Dimensions 24 cm.
500 ## - GENERAL NOTE
General note P.B
650 ## - SUBJECT ADDED ENTRY--TOPICAL TERM
Topical term or geographic name entry element Sewerage.
9 (RLIN) 5193
650 ## - SUBJECT ADDED ENTRY--TOPICAL TERM
Topical term or geographic name entry element Sewage disposal.
9 (RLIN) 392
650 ## - SUBJECT ADDED ENTRY--TOPICAL TERM
Topical term or geographic name entry element Water reuse.
9 (RLIN) 1016
942 ## - ADDED ENTRY ELEMENTS (KOHA)
Source of classification or shelving scheme
Koha item type Reference
Call number prefix IESE
Holdings
Withdrawn status Lost status Source of classification or shelving scheme Damaged status Not for loan Collection code Permanent Location Current Location Shelving location Date acquired Total Checkouts Total Renewals Full call number Barcode Date last seen Date last checked out Price effective from Koha item type Checked out
            Institute of Environmental Science and Engineering (IESE) Institute of Environmental Science and Engineering (IESE) Text Books 12/07/2016 1 1 628.3 MET IESE-1938 12/03/2024 02/02/2024 12/07/2016 Text Books  
            Institute of Environmental Science and Engineering (IESE) Institute of Environmental Science and Engineering (IESE) Text Books 12/07/2016 3   628.3 MET IESE-1939 04/12/2023 10/27/2022 12/07/2016 Text Books  
            Institute of Environmental Science and Engineering (IESE) Institute of Environmental Science and Engineering (IESE) Text Books 12/07/2016 2   628.3 MET IESE-1940 02/21/2025 01/17/2024 12/07/2016 Text Books  
            Institute of Environmental Science and Engineering (IESE) Institute of Environmental Science and Engineering (IESE) Text Books 12/07/2016 1   628.3 MET IESE-1941 02/02/2024 02/02/2024 12/07/2016 Text Books 03/03/2024
            Institute of Environmental Science and Engineering (IESE) Institute of Environmental Science and Engineering (IESE) Reference 12/08/2017     628.3 EDD IESE-1777 12/08/2017   12/08/2017 Reference  
            Institute of Environmental Science and Engineering (IESE) Institute of Environmental Science and Engineering (IESE) Text Books 09/24/2019 1 2 628.3 EDD IESE-718 06/10/2022 03/18/2022 09/24/2019 Text Books  
© 2023 Central Library, National University of Sciences and Technology. All Rights Reserved.